Basic restaurant service : (Record no. 293140)
[ view plain ]
| 000 -LEADER | |
|---|---|
| fixed length control field | 00786nam a2200253Ia 4500 |
| 008 - FIXED-LENGTH DATA ELEMENTS--GENERAL INFORMATION | |
| fixed length control field | 160404s9999 xx 000 0 und d |
| 020 ## - INTERNATIONAL STANDARD BOOK NUMBER | |
| International Standard Book Number | 978-971-0388-37-0 |
| 050 ## - LIBRARY OF CONGRESS CALL NUMBER | |
| Classification number | FIL TX 925 |
| 050 ## - LIBRARY OF CONGRESS CALL NUMBER | |
| Item number | .B88 2007 |
| 100 ## - MAIN ENTRY--PERSONAL NAME | |
| Personal name | Buted, Dexter R. |
| 245 ## - TITLE STATEMENT | |
| Title | Basic restaurant service : |
| 245 ## - TITLE STATEMENT | |
| Remainder of title | with marking guides / |
| 245 ## - TITLE STATEMENT | |
| Statement of responsibility, etc | Dexter R. Buted, Mark Irvin C. Celis, Rhea Corina B. Mejia. |
| 260 ## - PUBLICATION, DISTRIBUTION, ETC. (IMPRINT) | |
| Place of publication, distribution, etc | Mandaluyong: |
| 260 ## - PUBLICATION, DISTRIBUTION, ETC. (IMPRINT) | |
| Name of publisher, distributor, etc | Books atbp. Pub. Corp., |
| 260 ## - PUBLICATION, DISTRIBUTION, ETC. (IMPRINT) | |
| Date of publication, distribution, etc | 2007 |
| 300 ## - PHYSICAL DESCRIPTION | |
| Extent | 141 pages : |
| 300 ## - PHYSICAL DESCRIPTION | |
| Other physical details | illustrations ; |
| 300 ## - PHYSICAL DESCRIPTION | |
| Dimensions | 22 cm. |
| 500 ## - GENERAL NOTE | |
| General note | Includes bibliographical references. |
| 650 ## - SUBJECT ADDED ENTRY--TOPICAL TERM | |
| Topical term or geographic name as entry element | Food service. |
| 650 ## - SUBJECT ADDED ENTRY--TOPICAL TERM | |
| Topical term or geographic name as entry element | Table service -- Handbooks, manuals, etc. |
| 650 ## - SUBJECT ADDED ENTRY--TOPICAL TERM | |
| General subdivision | Food service employees -- Training of -- Handboooks, manuals, etc. |
| Withdrawn status | Lost status | Damaged status | Home library | Current library | Shelving location | Date acquired | Total Checkouts | Full call number | Barcode | Date last seen | Price effective from | Koha item type |
|---|---|---|---|---|---|---|---|---|---|---|---|---|
| South Mansfield College | South Mansfield College | Filipiniana Section | 11/12/2009 | FIL TX 925 .B88 2007 | SMC05200 | 04/04/2016 | 04/04/2016 |